Statistics for Top 15 Celebrities Born In 1956

Click here to take the quiz!

General Stats

  • This quiz has been taken 105 times
  • The average score is 6 of 15

Answer Stats

Answer% Correct
Tom Hanks
97%
Mel Gibson
77%
Bryan Cranston
53%
Bob Saget
52%
Theresa May
45%
Carrie Fischer
44%
Larry Bird
40%
Geena Davis
36%
La Toya Jackson
31%
Kenny G
29%
Andy Garcia
25%
Keith David
14%
Mae Jemison
9%
Matthew Garber
3%
Peter Robbins
0%

Score Distribution

Percentile by Number Answered

Percent of People with Each Score

Your Score History

You have not taken this quiz